000 00349nam a2200145Ia 4500
008 230917s9999||||xx |||||||||||||| ||und||
040 _e124826
_aMAIN
041 _aEnglish
082 _a361 C459S
100 _aChoudhary, D Paul
245 0 _aSocial welfare administration
260 _aDelhi
_bAtma Ram
_c1979
300 _a300 p.
942 _cBK
999 _c219293
_d219293